Ansiedad /
Chistes gráficos sobre la ansiedad, que el historietista Alberto Montt retrata como un virus de color rojo que aparece de forma inoportuna a decir el comentario más impertinente a su víctima.
Tallennettuna:
| Päätekijä: | |
|---|---|
| Aineistotyyppi: | Kirja |
| Kieli: | espanja |
| Julkaistu: |
México :
Planeta,
2020, c2020
|
| Aiheet: | |
| Tagit: |
Ei tageja, Lisää ensimmäinen tagi!
|
MARC
| LEADER | 00000nam^a2200000^a^4500 | ||
|---|---|---|---|
| 001 | 000627526 | ||
| 005 | 20260203000000.0 | ||
| 009 | 20260310134056.471 | ||
| 020 | |a 978-607-07-7334-1 | ||
| 037 | |a Acervo ITESO - Biblioteca | ||
| 041 | |a ESP | ||
| 082 | |a 741. 57 |b MON | ||
| 100 | |a Montt, ALberto |e (autor) | ||
| 245 | 1 | 0 | |a Ansiedad / |c A. Montt. |
| 264 | 4 | |a México : |b Planeta, |c 2020, c2020 | |
| 300 | |a 1 v. (sin paginación) | ||
| 336 | |a texto |b txt |2 rdacontenido | ||
| 337 | |a sin mediación |b n |2 rdamedio | ||
| 338 | |a volumen |b nc |2 rdasoporte | ||
| 520 | |a Chistes gráficos sobre la ansiedad, que el historietista Alberto Montt retrata como un virus de color rojo que aparece de forma inoportuna a decir el comentario más impertinente a su víctima. | ||
| 521 | |a FIL 2025 DIA | ||
| 545 | 0 | |a Alberto José Montt Moscoso (Quito, 1972), diseñador gráfico, artista plástico e ilustrador chileno, conocido sobre todo por esta última actividad, a través de su blog Dosis diarias, del que ha publicado una compilación. Además de éste, algunos de sus libros son: Para ver y no creer; ¡Mecachendié! y El código de la amistad de Chivas Regal. Con una gran capacidad de síntesis, sus dibujos e historias pueden crear un universo a partir de una o dos frases; su humor es ácido y reflexivo. | |
| 649 | |a XX | ||
| 650 | |a Ansiedad - |x Anécdotas y Chistes - |x Tema Principal | ||
| 650 | |a Vida Cotidiana - |x Anécdotas y Chistes | ||
| 650 | |a Historietas y Caricaturas de Humor Negro - |z Chile - |x Tema Principal | ||
| 650 | |a Historietas y Caricaturas de Humor - |z Chile | ||
| 650 | |a Historietas y Caricaturas Chilenas | ||
| 650 | |a Medios Impresos | ||
| 650 | |a Medios de Comunicación | ||
| 650 | |a Comunicación Visual | ||
| 650 | |a Comunicación Masiva | ||
| 910 | |a Fondo General | ||
| 920 | |a Impresos - Libros | ||
| 930 | |a Colección General | ||
| 905 | |a 101 | ||
| 901 | |a 627526-10 |b IT1 |c ACC |i C191768 |u 20260203 | ||
| 902 | |a https://opac.biblio.iteso.mx/vufind/Record/000627526 | ||